UML and the unified process (E-BOOK) (Record no. 191683)

000 -LEADER
fixed length control field 02030 a2200241 4500
003 - CONTROL NUMBER IDENTIFIER
control field Nust
005 - DATE AND TIME OF LATEST TRANSACTION
control field 20170207154021.0
010 ## - LIBRARY OF CONGRESS CONTROL NUMBER
LC control number 2002156230
020 ## - INTERNATIONAL STANDARD BOOK NUMBER
International Standard Book Number 1931777446 (pbk.)
040 ## - CATALOGING SOURCE
Transcribing agency Nust
082 00 - DEWEY DECIMAL CLASSIFICATION NUMBER
Classification number 005.1
100 1# - MAIN ENTRY--PERSONAL NAME
Personal name Favre, Liliana.
245 10 - TITLE STATEMENT
Title UML and the unified process (E-BOOK)
Statement of responsibility, etc. Liliana Favre.
260 ## - PUBLICATION, DISTRIBUTION, ETC.
Place of publication, distribution, etc. Hershey, Pa. :
Name of publisher, distributor, etc. IRM Press,
Date of publication, distribution, etc. c2003.
300 ## - PHYSICAL DESCRIPTION
Extent xi, 402 p. :
Other physical details ill. ;
Dimensions 26 cm.
505 ## - FORMATTED CONTENTS NOTE
Formatted contents note Chapter I. Evaluating UML Using a Generic Quality Framework 1 Chapter II. A Generic Framework for Defining Domain-Specific Models 23 Chapter III. On the Application of UML to Designing On-line Business Model. 39 Chapter IV. Specification of Business Components Using Temporal OCL 48 Chapter V. Negotiating Early Reuse of Components – A Model-Based Analysis 66 Chapter VI. Enhancing RUP Business Model with Client-Oriented Requirements Models 80 Chapter VII. Introducing Non-functional Requirements in UML 116 Chapter VIII. Formalizing UML Class Diagrams . 129 Chapter IX. Forward Engineering and UML: From UML Static Models to Eiffel Code. 199 Chapter X. Transforming UML Class Diagrams into Relational Data Models 217 Chapter XI. Specification and Checking of Dependency Relations between UML Models 237 Chapter XII. Info-Mathics – The Mathematical Modeling of Information Systems 254 Chapter XIII. Use of UML Stereotypes in Business Models 262 Chapter XIV. Extension to UML Using Stereotypes 273 Chapter XV. An Extension to a UML Activity Graph from Workflow 294 Chapter XVI. Business Processes in UML 315 Chapter XVII. The CORAS Methodology: Model-based Risk Assessment Using UMLandUP 332 Chapter XVIII. Towards a UML Profile for Building on Top of Running Software 358 Chapter XIX. A RUP-Based Software Process Supporting Progressive Implementation 375
650 #0 - SUBJECT ADDED ENTRY--TOPICAL TERM
Topical term or geographic name entry element Application software
General subdivision Development.
650 #0 - SUBJECT ADDED ENTRY--TOPICAL TERM
Topical term or geographic name entry element Computer software
General subdivision Development.
650 #0 - SUBJECT ADDED ENTRY--TOPICAL TERM
Topical term or geographic name entry element Software engineering.
650 #0 - SUBJECT ADDED ENTRY--TOPICAL TERM
Topical term or geographic name entry element UML (Computer science)
650 #0 - SUBJECT ADDED ENTRY--TOPICAL TERM
Topical term or geographic name entry element Web site development.
651 ## - SUBJECT ADDED ENTRY--GEOGRAPHIC NAME
Geographic name E-BOOK
942 ## - ADDED ENTRY ELEMENTS (KOHA)
Source of classification or shelving scheme
Koha item type Book
Holdings
Withdrawn status Lost status Source of classification or shelving scheme Damaged status Not for loan Collection code Permanent Location Current Location Date acquired Total Checkouts Full call number Barcode Date last seen Price effective from Koha item type
            Military College of Signals (MCS) Military College of Signals (MCS) 12/12/2016   005.1 LIL MCSEB-921 12/08/2016 12/12/2016 Book
© 2023 Central Library, National University of Sciences and Technology. All Rights Reserved.